The fairy painting / (Record no. 8163)

MARC details
000 -LEADER
fixed length control field 00968nam a22003017a 4500
001 - CONTROL NUMBER
control field 8163
003 - CONTROL NUMBER IDENTIFIER
control field FISKH
005 - DATE AND TIME OF LATEST TRANSACTION
control field 20250829144542.0
008 - FIXED-LENGTH DATA ELEMENTS--GENERAL INFORMATION
fixed length control field 250829b cb ||||| |||| 00| 0 eng d
020 ## - INTERNATIONAL STANDARD BOOK NUMBER
International Standard Book Number 9781934133613
040 ## - CATALOGING SOURCE
Original cataloging agency FISKH
Language of cataloging eng
Transcribing agency FISKH
Modifying agency FISKH
050 ## - LIBRARY OF CONGRESS CALL NUMBER
Classification number PZ7
082 ## - DEWEY DECIMAL CLASSIFICATION NUMBER
Classification number 740
100 ## - MAIN ENTRY--PERSONAL NAME
Personal name DuFord, Stacey
245 ## - TITLE STATEMENT
Title The fairy painting /
Statement of responsibility, etc. Written by Stacey DuFord ; Illustrated by Wendy Popko
250 ## - EDITION STATEMENT
Edition statement This edition first published in 2010
260 ## - PUBLICATION, DISTRIBUTION, ETC.
Place of publication, distribution, etc. Guangdong :
Name of publisher, distributor, etc. Mackinac,
Date of publication, distribution, etc. 2005
300 ## - PHYSICAL DESCRIPTION
Extent 28 unnumbered pages :
Other physical details color illustrations ;
Dimensions 28 cm
505 ## - FORMATTED CONTENTS NOTE
Formatted contents note R<br/>
520 ## - SUMMARY, ETC.
Summary, etc. This whimsically illustrated adventure is sure to inspire any budding young artist and to entertain any child curious about fairy antics.<br/>
521 8# - TARGET AUDIENCE NOTE
Target audience note 790<br/>
Source Lexile<br/>
521 8# - TARGET AUDIENCE NOTE
Target audience note R<br/>
Source Raz-Plus<br/>
650 ## - SUBJECT ADDED ENTRY--TOPICAL TERM
Source of heading or term Fairy
Topical term or geographic name entry element Painting
650 ## - SUBJECT ADDED ENTRY--TOPICAL TERM
Source of heading or term Inspire
Topical term or geographic name entry element Adventure
700 ## - ADDED ENTRY--PERSONAL NAME
Personal name Popko, Wendy
Dates associated with a name illustrator
942 ## - ADDED ENTRY ELEMENTS (KOHA)
Source of classification or shelving scheme Dewey Decimal Classification
Koha item type Books
Suppress in OPAC No
Holdings
Withdrawn status Lost status Source of classification or shelving scheme Damaged status Not for loan Collection Home library Current library Shelving location Date acquired Total Checkouts Full call number Barcode Date last seen Copy number Price effective from Koha item type
    Dewey Decimal Classification     Fiction Footprints International School Library Network Toul Tom Poung Campus Footprints International School Library Network Toul Tom Poung Campus TTP Secondary Fiction Bookshelves 08/29/2025   DUF 740 PZ7 FISTK01945 08/29/2025 1 08/29/2025 Books